Antenna theory : (Record no. 886)
[ view plain ]
| 000 -LEADER | |
|---|---|
| fixed length control field | 01237nac a22002411u 4500 |
| 010 ## - LIBRARY OF CONGRESS CONTROL NUMBER | |
| LC control number | 96012134 |
| 020 ## - INTERNATIONAL STANDARD BOOK NUMBER | |
| International Standard Book Number | 0471592684 (cloth : acid-free paper) |
| 082 00 - DEWEY DECIMAL CLASSIFICATION NUMBER | |
| Classification number | 621.3824 |
| Item number | B1716 |
| 090 ## - LOCALLY ASSIGNED LC-TYPE CALL NUMBER (OCLC); LOCAL CALL NUMBER (OCLC) | |
| -- | 886 |
| -- | 886 |
| 100 ## - MAIN ENTRY--PERSONAL NAME | |
| Personal name | Balanis, Constantine A |
| 245 10 - TITLE STATEMENT | |
| Title | Antenna theory : |
| Remainder of title | analysis and design / |
| Statement of responsibility, etc | Constantine A. Balanis. |
| 250 ## - EDITION STATEMENT | |
| Edition statement | 2nd ed. |
| 260 ## - PUBLICATION, DISTRIBUTION, ETC. (IMPRINT) | |
| Place of publication, distribution, etc | New York : |
| Name of publisher, distributor, etc | Wiley, |
| Date of publication, distribution, etc | c1997. |
| 300 ## - PHYSICAL DESCRIPTION | |
| Extent | xvi, 941 p. : |
| Other physical details | ill. ; |
| Dimensions | 26 cm. + |
| Accompanying material | 1 computer disk (3 1/2 in.) |
| 504 ## - BIBLIOGRAPHY, ETC. NOTE | |
| Bibliography, etc | Includes bibliographical references and index. |
| 650 #0 - SUBJECT ADDED ENTRY--TOPICAL TERM | |
| Topical term or geographic name as entry element | Antennas (Electronics) |
| 856 42 - ELECTRONIC LOCATION AND ACCESS | |
| Materials specified | Publisher description |
| Uniform Resource Identifier | <a href="http://www.loc.gov/catdir/description/wiley037/96012134.html">http://www.loc.gov/catdir/description/wiley037/96012134.html</a> |
| 856 42 - ELECTRONIC LOCATION AND ACCESS | |
| Materials specified | Table of Contents only |
| Uniform Resource Identifier | <a href="http://www.loc.gov/catdir/toc/onix03/96012134.html">http://www.loc.gov/catdir/toc/onix03/96012134.html</a> |
| 856 42 - ELECTRONIC LOCATION AND ACCESS | |
| Materials specified | Contributor biographical information |
| Uniform Resource Identifier | <a href="http://www.loc.gov/catdir/enhancements/fy0607/96012134-b.html">http://www.loc.gov/catdir/enhancements/fy0607/96012134-b.html</a> |
| 942 ## - ADDED ENTRY ELEMENTS (KOHA) | |
| Item type | Book - Borrowing |
| Call number prefix | 621.3824B1716 |
| Withdrawn status | Item status | Damaged status | Not for loan | Home library | Current library | Shelving location | Date acquired | Source of acquisition | Cost, normal purchase price | Total Checkouts | Total Renewals | Full call number | Barcode | Date last seen | Date last borrowed | Cost, replacement price | Koha item type | Source of classification or shelving scheme | Vendor |
|---|---|---|---|---|---|---|---|---|---|---|---|---|---|---|---|---|---|---|---|
| Central Library | Central Library | First floor | 06/08/2009 | Purchase | 275.00 | 8 | 62 | 621.3824 BAL | 000003643 | 15/07/2025 | 19/12/2018 | 343.75 | Book - Borrowing | ||||||
| Central Library | Central Library | First floor | 07/09/2009 | 275.00 | 4 | 4 | 621.3824 BAL | 000005319 | 15/07/2025 | 29/09/2015 | 343.75 | Book - Borrowing | Dewey Decimal Classification |